| 000 | 00395nam a2200157Ia 4500 | ||
|---|---|---|---|
| 008 | 180921t1969 xxu||||| |||| 00| 0 eng d | ||
| 041 | _aeng | ||
| 080 |
_a597(03) _bFRA |
||
| 100 | _aFrank, S. | ||
| 245 | 4 | _aThe pictorial encyclopedia of fishes | |
| 260 |
_bHamlyn _aLondon _c1969 |
||
| 300 | _a551p., ill., 25 cm | ||
| 942 | _cBK | ||
| 999 |
_c15994 _d15994 |
||
| 003 | LK-CoDNM | ||
| 040 |
_aLK-CoDNM _dLK-CoDNM _eLK-CoDNM |
||